| 000 | 00663nam a22002297a 4500 | ||
|---|---|---|---|
| 942 | _cBK | ||
| 999 |
_c592 _d592 |
||
| 005 | 20250420134817.0 | ||
| 008 | 200811b ||||| |||| 00| 0 eng d | ||
| 020 | _a9780340966570 | ||
| 040 | _cKCST | ||
| 082 |
_a100 _bTh In |
||
| 100 |
_aThompson, Mel _95017 |
||
| 245 |
_aAn introduction to philosophy and ethics / _cMel Thompson |
||
| 250 |
_a2nd edition _b7th impression. 2017 |
||
| 260 |
_aLondon: _bHodder Education, _c2008 |
||
| 300 | _a254 p. | ||
| 440 |
_aAccess to religion and philosophy _95018 |
||
| 650 |
_aReligious instruction. _95019 |
||
| 650 |
_aPhilosophy class. _95020 |
||
| 650 |
_aSecondary level 2. _95021 |
||
| 942 | _2ddc | ||